000 00623nam a22002177a 4500
003 UA-OsUOA
001 35198
007 ta
008 20051110b un ||||| |||| 00| 0 ukr d
100 _aПоляков М.
090 _a82.09
_bП 54
942 _cBK
040 _aUA-OsUOA
_brus
_cUA-OsUOA
_dUA-OsUOA
245 _aВопросы поэтики и художественной семантики
955 _a2
041 _arus
080 _a82.09
260 _aМ.
_bСоветский писатель
_c1978
650 7 _a82 Література. Літературознавство
_2UDC
999 _c321577
_d321577